[Event "Swiss Queens Wed #46 2024"]
[Site "FIDE Online Arena INT"]
[Date "2024.12.11"]
[Round "9.36"]
[White "Krush,I"]
[Black "Sachi Jain"]
[Result "1-0"]
[WhiteElo "2378"]
[BlackElo "2036"]

1.d4 d5 2.c4 c6 3.cxd5 cxd5 4.Bf4 Nc6 5.e3 e6 6.Nc3 Bd6 7.Bxd6 Qxd6 8.f3 Nf6
9.f4 Ne7 10.Nf3 Nf5 11.Bd3 Nxe3 12.Qe2 Qxf4 13.g3 Qh6 14.Ne5 O-O 15.Kf2 Nf5
16.Bxf5 exf5 17.Qe3 Ne4+ 18.Nxe4 Qxe3+ 19.Kxe3 fxe4 20.Rac1 f5 21.Rc7 Be6
22.Rxb7 g5 23.Rf1 Rab8 24.Re7 Rfe8 25.Nc6 Rxe7 26.Nxe7+ Kf7 27.Nxf5 Rxb2
28.Nd6+ Ke7 29.Nf5+ Kd7 30.h4 Rxa2 31.hxg5 Ra3+ 32.Kf4 Bxf5 33.Ke5 Bg6 34.Kxd5 Rxg3
35.Ra1 e3 36.Rxa7+ Ke8 37.Ke6 Kf8 38.Ra8+ Be8 39.Ra5 e2 40.Re5 Rxg5 41.Rxe2 Rg6+
42.Kd5 Bf7+ 43.Kc5 Re6 44.Rh2 Bg6 45.d5 Re3 46.Kd6 Ke8 47.Ra2 Kf7 48.Rf2+ Ke8
49.Ra2 Rd3 50.Ke6 Bf7+ 51.Kf6 Rxd5 52.Ra8+ Rd8 53.Ra7  1-0

[Event "Swiss Queens Wed #46 2024"]
[Site "FIDE Online Arena INT"]
[Date "2024.12.11"]
[Round "10.23"]
[White "Anishka,Vikram"]
[Black "Krush,I"]
[Result "0-1"]
[WhiteElo "1852"]
[BlackElo "2378"]

1.d4 d5 2.c4 dxc4 3.e3 Nf6 4.Bxc4 e6 5.Nf3 c5 6.O-O a6 7.a4 Nc6 8.dxc5 Bxc5
9.Qxd8+ Kxd8 10.Nc3 Ke7 11.e4 Ng4 12.h3 Nge5 13.Nxe5 Nxe5 14.Be2 b6 15.Kh1 Bb7
16.f4 Nc6 17.Bc4 Rhd8 18.f5 Ne5 19.Ba2 exf5 20.Rxf5 f6 21.Nd5+ Bxd5 22.Bxd5 Rac8
23.Bd2 a5 24.Bc3 Nd3 25.Rd1 Nf2+ 26.Rxf2 Bxf2 27.Rf1 Bg3 28.Bb3 Rc5 29.Bd5 Rf8
30.Rd1 Be5 31.Bxe5 fxe5 32.Rd2 Rf1+ 33.Kh2 Rcc1 34.Kg3 Kf6 35.Bb3 g6 36.Rd6+ Kg5
37.Rxb6 Rfe1 38.Rb7 Re3+ 39.Kh2 h5 40.Bf7 h4 41.Rb6 Rxe4 42.Rxg6+ Kf4 43.Rh6 Ke3
44.Bg6 Rf4 45.Rh5 e4 46.Re5 Rc4 47.Bh7 Rxa4 48.Bg6 Rb4 49.Bh7 Rxb2 50.Bg6 Rb4
51.Bh7 a4 52.Bg6 a3 53.Ra5 Rb3 54.Bf7 Rc3 55.Bg8 Kd2 56.Bd5 e3 57.Ba2 e2
58.Rd5+ Kc1 59.Rd1+ exd1=Q 60.g3 Qd2+ 61.Kg1 Qe3+  0-1

[Event "Swiss Queens Wed #46 2024"]
[Site "FIDE Online Arena INT"]
[Date "2024.12.11"]
[Round "11.12"]
[White "Krush,I"]
[Black "Priyanka,Nutakki"]
[Result "1-0"]
[WhiteElo "2378"]
[BlackElo "2296"]

1.d4 d5 2.c4 e6 3.Nc3 a6 4.cxd5 exd5 5.Qb3 Nf6 6.Bg5 Be6 7.Qxb7 Nbd7 8.Qb3 c5
9.Nf3 Rb8 10.Qc2 Qb6 11.Na4 Qa5+ 12.Bd2 Qc7 13.dxc5 Bxc5 14.Rc1 Ne4 15.e3 Qd6
16.Nxc5 Ndxc5 17.b4 Nd7 18.a3 O-O 19.Bd3 Nxd2 20.Qxd2 h6 21.O-O a5 22.bxa5 Qxa3
23.Ra1 Qd6 24.Nd4 Nc5 25.a6 Ra8 26.h3 Rfc8 27.Rfc1 Nxd3 28.Rxc8+ Bxc8 29.Qxd3 Rxa6
30.Rc1 Bd7 31.Qb3 Rb6 32.Qa2 Rb8 33.Qa7 Re8 34.h4 Qe7 35.g3 Qd6 36.Rc7 Rd8
37.Kg2 Be8 38.Re7 Qf6 39.Qc7 Ra8 40.Nf3 Kh7 41.Ne5 Bb5 42.Rxf7 Rc8 43.Qxc8 Qxe5
44.Qf8 Qe4+ 45.Kh2 Qe5 46.Rf4 Qb2 47.Qf5+ Kh8 48.Qc8+ Kh7 49.Qf5+ Kh8 50.Qxd5 Be8
51.Qd8 Kh7 52.Qxe8 Qb5 53.Qe4+ Kg8 54.Qc4+ Qxc4 55.Rxc4 h5 56.Kg2 Kh7 57.f4 g6
58.Kf3 Kh6 59.g4 Kh7 60.Rc7+ Kg8 61.g5 Kh8 62.f5 Kg8 63.Kf4 Kh8 64.fxg6 Kg8
65.Kf5 Kh8 66.Kf6 Kg8 67.Rc8+  1-0

[Event "World Rapid Women 2024"]
[Site "New York USA"]
[Date "2024.12.26"]
[Round "2.40"]
[White "Belenkaya,D"]
[Black "Krush,I"]
[Result "0-1"]
[WhiteElo "2155"]
[BlackElo "2378"]

1.d4 g6 2.c4 Bg7 3.Nc3 c5 4.d5 Bxc3+ 5.bxc3 e5 6.h4 d6 7.h5 h6 8.hxg6 fxg6
9.Nf3 Qf6 10.Qa4+ Nd7 11.Nd2 Qg7 12.g3 Nf6 13.Bh3 Kd8 14.Rb1 Kc7 15.Qb5 g5
16.a4 Nf8 17.a5 Rb8 18.Bxc8 Kxc8 19.Nf1 Ng6 20.Ne3 Ne7 21.f3 h5 22.Bd2 Nd7
23.Kf2 a6 24.Qb2 Kc7 25.Qc2 g4 26.Rbg1 Rbf8 27.Kg2 gxf3+ 28.exf3 h4 29.g4 h3+
30.Kf2 Qf6 31.Rg3 h2 32.Ng2 Ng6 33.g5 Qf7 34.Qe4 Rh5 35.Qg4 Rfh8 36.Ke1 Qe7
37.Kf2 Qd8 38.Qe6 Re8 39.Qg4 Reh8 40.Qe6 Ngf8 41.Qf7 R8h7 42.Qf5 Qe8 43.Ne3 Ng6
44.Ng4 Rf7 45.Qe4 Rfh7 46.Nf6 Nxf6 47.gxf6 Nf8 48.Rg7+ Rxg7 49.fxg7 Nd7 50.Qg4 Nf6
51.Qg2 Qf7 52.Ke2 Rh7 53.Rxh2 Rxg7 54.Qh3 Rh7 55.Qg2 Rxh2 56.Qxh2 Qg6 57.Qh3 Qc2
58.Qh6 Nd7 59.Qh7 Qxh7  0-1

[Event "World Rapid Women 2024"]
[Site "New York USA"]
[Date "2024.12.27"]
[Round "6.26"]
[White "Fataliyeva,U"]
[Black "Krush,I"]
[Result "0-1"]
[WhiteElo "2381"]
[BlackElo "2378"]

1.d4 g6 2.e4 d6 3.Nc3 c6 4.Be3 Nf6 5.h3 Nbd7 6.f4 b5 7.a3 Nb6 8.Qf3 Bb7 9.g4 Bg7
10.g5 Nh5 11.h4 O-O 12.f5 a5 13.Nh3 b4 14.Nd1 c5 15.c3 bxc3 16.bxc3 cxd4
17.cxd4 Rc8 18.Nf4 Nxf4 19.Qxf4 gxf5 20.Qxf5 e6 21.Qg4 Nc4 22.Bxc4 Rxc4 23.Rb1 Qa8
24.Nf2 Rc3 25.Rh3 Rxa3 26.h5 Qc8 27.h6 Bh8 28.Kf1 Qc4+ 29.Kg1 Rxe3 30.Rxe3 Bxd4
31.Qe2 Qc6 32.Reb3 Qxe4 33.Qxe4 Bxe4 34.Re1 Bd5 35.Rd3 Bc5 36.Rc1 f6 37.Rg3 Kf7
38.gxf6 Kxf6 39.Rf1 Ke5 40.Rg5+ Kf4 41.Kh2 Kxg5 42.Nh3+ Kxh6 43.Rxf8 e5 44.Nf2 e4
45.Ng4+ Kg7 46.Rf5 Bc6 47.Rg5+ Kf7 48.Kg3 a4 49.Kf4 a3 50.Nh6+ Ke6 51.Nf5 a2  0-1

[Event "World Rapid Women 2024"]
[Site "New York USA"]
[Date "2024.12.27"]
[Round "8.18"]
[White "Maltsevskaya,Aleksandra"]
[Black "Krush,I"]
[Result "0-1"]
[WhiteElo "2368"]
[BlackElo "2378"]

1.e4 c5 2.Nf3 d6 3.Bb5+ Nd7 4.d4 cxd4 5.Nxd4 Nf6 6.O-O e6 7.Re1 Be7 8.Bd3 Nc5
9.c4 Nxd3 10.Qxd3 O-O 11.Nc3 a6 12.b3 Qc7 13.Bb2 b6 14.Rad1 Bb7 15.Qg3 Rfd8
16.Nd5 exd5 17.Nf5 Nh5 18.Qg4 g6 19.exd5 Re8 20.Nh6+ Kf8 21.h4 Bf6 22.Bxf6 Nxf6
23.Qd4 Re5 24.Rxe5 dxe5 25.Qe3 Qd6 26.a3 a5 27.Re1 Re8 28.Rb1 Qc5 29.Qf3 Kg7
30.Re1 Qxa3 31.g4 Qe7 32.g5 Nd7 33.Ng4 Qd6 34.Re3 Bc8 35.Qg3 f5 36.gxf6+ Nxf6
37.Nxe5 Nh5 38.Qh2 Rf8 39.Qg2 Nf4 40.Qe4 Nh3+ 41.Kg2 Rxf2+ 42.Kg3 Rf4 43.Qd3 Rg4+
44.Kh2 Rg2+ 45.Kxg2 Nf4+ 46.Kf3 Nxd3 47.Nxd3 Qh2 48.Nf4 Qxh4 49.Ng2 Bg4+
50.Ke4 Qh1 51.Rg3 Bh3 52.Kf3 Qf1+  0-1

[Event "World Rapid Women 2024"]
[Site "New York USA"]
[Date "2024.12.28"]
[Round "9.10"]
[White "Krush,I"]
[Black "Zhao Xue"]
[Result "0-1"]
[WhiteElo "2378"]
[BlackElo "2442"]

1.d4 f5 2.g3 Nf6 3.Bg2 g6 4.Nf3 Bg7 5.c4 d6 6.O-O O-O 7.Nc3 c6 8.Qd3 Na6
9.a3 Qe8 10.Bf4 h6 11.e4 g5 12.Bd2 e5 13.dxe5 dxe5 14.Qd6 Nxe4 15.Nxe4 fxe4
16.Nxg5 Rf6 17.Qxf6 Bxf6 18.Nxe4 Bg7 19.Bxh6 Be6 20.Bxg7 Kxg7 21.c5 Qh5 22.b4 Nc7
23.h4 Bd5 24.Ng5 Re8 25.Rfe1 Qg4 26.Bh3 Qd4 27.Rad1 Qb2 28.Re3 Rf8 29.f3 Nb5
30.Rde1 Nd4 31.Rxe5 Nxf3+ 32.Nxf3 Rxf3 33.Rg5+ Kf6 34.Rf1 Qd4+ 35.Kh2 Rf2+
36.Kg1 Rf5+ 37.Kh2 Qd2+ 38.Kg1 Qe3+ 39.Kh2 Rxf1 40.Bxf1 Qf2+  0-1

[Event "World Rapid Women 2024"]
[Site "New York USA"]
[Date "2024.12.28"]
[Round "10.17"]
[White "Mammadova,G"]
[Black "Krush,I"]
[Result "1-0"]
[WhiteElo "2333"]
[BlackElo "2378"]

1.e4 c5 2.Nf3 d6 3.Bb5+ Nd7 4.a4 Nf6 5.Nc3 a6 6.Be2 b6 7.d4 cxd4 8.Qxd4 Bb7
9.Bg5 e6 10.O-O Qc7 11.Nd2 Be7 12.Nc4 Rd8 13.Rfd1 O-O 14.Bxf6 Nxf6 15.Qxb6 Qxb6
16.Nxb6 Nxe4 17.Nxe4 Bxe4 18.Bxa6 Bxc2 19.Rdc1 Be4 20.Rc7 Bg5 21.a5 d5 22.Bb7 Bf4
23.Rc8 f5 24.a6 d4 25.Rxd8 Rxd8 26.Bxe4 Bb8 27.Bb7 d3 28.Kf1  1-0

[Event "World Rapid Women 2024"]
[Site "New York USA"]
[Date "2024.12.28"]
[Round "11.25"]
[White "Krush,I"]
[Black "Zhukova,N"]
[Result "1/2-1/2"]
[WhiteElo "2378"]
[BlackElo "2302"]

1.d4 d5 2.c4 e6 3.Nc3 Nf6 4.cxd5 exd5 5.Bg5 c6 6.e3 Bd6 7.Bd3 O-O 8.Nge2 a5
9.h3 Na6 10.O-O h6 11.Bh4 Re8 12.Qd2 Nc7 13.Qc2 Bd7 14.Na4 Ne6 15.a3 Ng5
16.Nc5 Nfe4 17.Bxg5 Nxg5 18.Nf4 Bc8 19.Rfe1 b6 20.Na4 Bd7 21.Nc3 Bxf4 22.exf4 Ne6
23.Ne2 Qf6 24.Qd2 g6 25.Bc2 Nc7 26.Nc3 Ne6 27.Ne2 Bc8 28.f5 gxf5 29.Nf4 Bd7
30.Nh5 Qg6 31.Ng3 Ng5 32.Qf4 Ne4 33.h4 Qd6 34.Qxd6 Nxd6 35.f3 Nc4 36.b3 Ne3
37.Bd3 c5 38.Nh5 Re6 39.dxc5 bxc5 40.Rac1 c4 41.bxc4 dxc4 42.Be2 Kf8 43.Kf2 Rae8
44.Nf4 Rb6 45.Bxc4 Rb2+ 46.Kg3 Nxc4 47.Rxe8+ Bxe8 48.Rxc4 Rb3 49.Rc8 Rxa3
50.Nd5 Rd3 51.Nc7 Re3 52.Ra8 a4 53.Kf4 Re7 54.Nxe8 Rxe8 55.Rxa4 Kg7 56.Kxf5 Re7
57.h5 Rb7 58.Ra5 Rb6 59.g4 Rf6+ 60.Ke4 Re6+ 61.Re5 Ra6 62.f4 Rb6 63.Rd5 Ra6
64.g5 Rb6 65.Kf5 Ra6 66.Rd7 Ra5+ 67.Kg4 hxg5 68.fxg5 Ra4+ 69.Kf5 Ra5+ 70.Kf4 Ra4+
71.Ke5 Rh4 72.Kf5 Rxh5 73.Rb7 Rh1 74.Rb6 Rf1+ 75.Kg4 Rg1+ 76.Kf5 Rf1+ 77.Kg4 Rg1+
78.Kf5  1/2-1/2

[Event "World Blitz Women 2024"]
[Site "New York USA"]
[Date "2024.12.30"]
[Round "1.42"]
[White "Kaliakhmet,Elnaz"]
[Black "Krush,I"]
[Result "1-0"]
[WhiteElo "2113"]
[BlackElo "2378"]

1.d4 g6 2.Nf3 Bg7 3.g3 c5 4.d5 Nf6 5.Bg2 d6 6.O-O b5 7.a4 b4 8.c3 bxc3 9.Nxc3 O-O
10.Bg5 Ba6 11.Nd2 Qb6 12.Rb1 Nbd7 13.Qc2 Rab8 14.Rfe1 h6 15.Bf4 g5 16.Be3 Ng4
17.Nf1 Qb3 18.Qf5 Nde5 19.Be4 Nf6 20.Bc2 Bc8 21.Qxc8 Rfxc8 22.Bxb3 Rxb3 23.Nd2 Rb4
24.f3 Rcb8 25.b3 Ne8 26.Rec1 Nc7 27.Bf2 Nd7 28.Na2 R4b7 29.e4 Ne5 30.Kg2 Nd3
31.Rc2 Nxf2 32.Kxf2 Na6 33.Nc1 Nb4 34.Rc4 Na6 35.Rc2 Nc7 36.Nc4 Bd4+ 37.Kg2 Rb4
38.Na5 R4b6 39.Nc6 Re8 40.Nxd4 Na6 41.Nb5 Nb4 42.Rd2 a6 43.Nc3 Reb8 44.Rdb2 e6
45.N3a2 Nxa2 46.Nxa2 exd5 47.exd5 Re8 48.Kf2 Rb7 49.b4 cxb4 50.Nxb4 Reb8
51.Nd3 Rxb2+ 52.Rxb2 Rc8 53.Rb6 Rc3 54.Ke3 a5 55.Rxd6 Ra3 56.Ra6 Rxa4 57.d6 Kf8
58.Ra8+  1-0

[Event "World Blitz Women 2024"]
[Site "New York USA"]
[Date "2024.12.30"]
[Round "2.42"]
[White "Krush,I"]
[Black "Kurmangaliyeva,Liya"]
[Result "0-1"]
[WhiteElo "2378"]
[BlackElo "2266"]

1.d4 f5 2.g3 Nf6 3.Bg2 e6 4.Nd2 d5 5.Nh3 Be7 6.O-O O-O 7.c4 c6 8.b3 a5 9.Bb2 a4
10.Nf4 a3 11.Bc3 Na6 12.Nd3 Bd7 13.Rc1 Be8 14.f3 c5 15.e3 b5 16.Qe2 Rb8 17.dxc5 Nxc5
18.Be5 Rc8 19.Nxc5 Bxc5 20.Kh1 Qb6 21.Rfe1 Bc6 22.Nb1 bxc4 23.bxc4 dxc4 24.Qxc4 Bd5
25.Qe2 Bxe3 26.Rcd1 Bf2 27.Rf1 Bc5 28.Nc3 Bc6 29.Rb1 Qa7 30.Nb5 Qa6 31.Rfc1 Bd5
32.Bc3  0-1

[Event "World Blitz Women 2024"]
[Site "New York USA"]
[Date "2024.12.30"]
[Round "3.47"]
[White "Munkhzul,Davaakhuu"]
[Black "Krush,I"]
[Result "1-0"]
[WhiteElo "2138"]
[BlackElo "2378"]

1.e4 c5 2.Nf3 d6 3.d4 cxd4 4.Nxd4 Nf6 5.Nc3 Nc6 6.Bg5 e6 7.Qd2 a6 8.O-O-O Bd7
9.f4 Be7 10.Kb1 b5 11.Bxb5 axb5 12.Ndxb5 O-O 13.Nxd6 Ra7 14.Ncb5 Ra5 15.Nb7 Qb6
16.Nxa5 Nxa5 17.Bxf6 Bxf6 18.Qxd7 Nc4 19.e5 Rd8 20.Qc7 Qxb5 21.Rxd8+  1-0

[Event "World Blitz Women 2024"]
[Site "New York USA"]
[Date "2024.12.30"]
[Round "4.48"]
[White "Krush,I"]
[Black "Jarocka,Liwia"]
[Result "0-1"]
[WhiteElo "2378"]
[BlackElo "2261"]

1.d4 d5 2.c4 e6 3.Nc3 c5 4.cxd5 cxd4 5.Qa4+ Bd7 6.Qxd4 exd5 7.Qxd5 Nf6 8.Qd1 Bc5
9.e3 O-O 10.Nf3 Qe7 11.a3 Rd8 12.Qc2 Nc6 13.Be2 Rac8 14.O-O Ne5 15.Bd2 Bc6
16.Nxe5 Qxe5 17.Rad1 Bd6 18.f4 Qe7 19.Kh1 Bc5 20.Bf3 Bxf3 21.gxf3 b5 22.e4 a5
23.Nxb5 Nh5 24.Nc3 Qh4 25.Be1 Rxd1 26.Qxd1 Qxf4 27.Nd5  0-1

[Event "World Blitz Women 2024"]
[Site "New York USA"]
[Date "2024.12.30"]
[Round "5.52"]
[White "Derlich,Sarah Sima"]
[Black "Krush,I"]
[Result "0-1"]
[WhiteElo "1861"]
[BlackElo "2378"]

1.e4 c5 2.Nf3 d6 3.d4 cxd4 4.Nxd4 Nf6 5.Nc3 Nc6 6.Bg5 e6 7.Be2 a6 8.Qd2 Bd7
9.O-O Be7 10.Kh1 O-O 11.f4 h6 12.Bxf6 Bxf6 13.Nb3 Qc7 14.Rad1 Be7 15.Rf3 Rfd8
16.Rg3 Kh8 17.Nd4 Be8 18.f5 Nxd4 19.Qxd4 Bf6 20.Qe3 Qc5 21.Qxc5 dxc5 22.Rgd3 Rd4
23.Rxd4 cxd4 24.Nb1 Rc8 25.Bd3 Bb5 26.Bxb5 axb5 27.Rd2 exf5 28.exf5 Re8 29.Rd1 Re2
30.Na3 b4 31.Nc4 Rxc2 32.Nd6 d3 33.Kg1 Rxb2 34.Nxf7+ Kg8 35.Nd6 d2 36.Kf1 Rxa2
37.Nxb7 b3 38.Ke2 b2 39.Rb1 Ra1 40.Rxb2 Bxb2  0-1

[Event "World Blitz Women 2024"]
[Site "New York USA"]
[Date "2024.12.30"]
[Round "6.47"]
[White "Krush,I"]
[Black "Sultanbek,Zeinep"]
[Result "1-0"]
[WhiteElo "2378"]
[BlackElo "2101"]

1.d4 Nf6 2.c4 g6 3.Nc3 Bg7 4.e4 O-O 5.h3 d6 6.Be3 e5 7.d5 Nbd7 8.g4 Nc5 9.f3 a5
10.Nge2 c6 11.Qd2 cxd5 12.cxd5 a4 13.Ng3 Qa5 14.h4 a3 15.b3 Bd7 16.h5 Rfc8
17.Nd1 Bb5 18.Qxa5 Rxa5 19.b4 Bxf1 20.Kxf1 Nb3 21.axb3 Ra6 22.h6 Bf8 23.Rh2 b5
24.Rha2 Rca8 25.Nc3 Ne8 26.Nxb5 Rb8 27.Nc3 Rxb4 28.Rxa3 Rxa3 29.Rxa3 Nc7
30.Ke2 f6 31.Kd3 Rb7 32.Ra7 Rxa7 33.Bxa7 Be7 34.Kc4 Bf8 35.Be3 Kf7 36.Nb5 Na6
37.b4 Ke8 38.Ne2 Kd7 39.Nec3 g5 40.Na4 Kc8 41.Na7+ Kb7 42.b5 Nb8 43.Nc6 Nd7
44.Na5+ Kc7 45.b6+ Kb8 46.Kb5 Kc8 47.b7+ Kc7 48.Ka6 Nb8+ 49.Ka7 Bxh6 50.Bb6+  1-0

[Event "World Blitz Women 2024"]
[Site "New York USA"]
[Date "2024.12.30"]
[Round "7.43"]
[White "Cervantes Landeiro,Thalia"]
[Black "Krush,I"]
[Result "0-1"]
[WhiteElo "2307"]
[BlackElo "2378"]

1.Nf3 g6 2.d4 Bg7 3.c4 Nf6 4.Nc3 O-O 5.e4 d6 6.Be2 Nbd7 7.O-O e5 8.Re1 c6
9.d5 c5 10.h3 Kh8 11.Be3 Ng8 12.Qc2 Bh6 13.Bxh6 Nxh6 14.Qd2 Kg7 15.Bd3 Qe7
16.a3 f5 17.exf5 Nxf5 18.Bxf5 gxf5 19.Ng5 Nf6 20.Rad1 Bd7 21.Nb5 Kh8 22.Nc7 Rac8
23.Nce6 Rg8 24.f4 e4 25.Qf2 h6 26.Qh4 Rg6 27.Re3 Nh7 28.Qh5 Rcg8 29.Rg3 Bxe6
30.dxe6 hxg5 31.fxg5 Rxg5 32.Rxg5 Rxg5 33.Qh6 Kg8 34.Rf1 e3 35.h4 e2 36.Re1 Rg4
37.Rxe2 Rxh4 38.Qe3 Re4 39.Qg3+ Rg4 40.Qd3 Rg5 41.Qd5 Nf6 42.Qf3 Ne4 43.Qf4 Rg7
44.Qxf5 Ng3  0-1

[Event "World Blitz Women 2024"]
[Site "New York USA"]
[Date "2024.12.30"]
[Round "8.36"]
[White "Krush,I"]
[Black "Padmini,R"]
[Result "1-0"]
[WhiteElo "2378"]
[BlackElo "2339"]

1.d4 Nf6 2.c4 c5 3.d5 b5 4.cxb5 a6 5.bxa6 g6 6.Nc3 Bxa6 7.e4 Bxf1 8.Kxf1 d6
9.Nf3 Bg7 10.g3 O-O 11.Kg2 Nbd7 12.a4 Ra6 13.Re1 Qa8 14.Bf4 Rb8 15.Qc2 Rb4
16.Rab1 Ng4 17.b3 c4 18.Nb5 cxb3 19.Rxb3 Rxb3 20.Qxb3 Nc5 21.Qb1 Rxa4 22.h3 Nf6
23.Nfd4 Nh5 24.Be3 f5 25.Nc7 Qc8 26.Nce6 fxe4 27.Rc1 Nf6 28.Nxg7  1-0

[Event "World Blitz Women 2024"]
[Site "New York USA"]
[Date "2024.12.30"]
[Round "9.23"]
[White "Krush,I"]
[Black "Tan,Zhongyi"]
[Result "0-1"]
[WhiteElo "2378"]
[BlackElo "2561"]

1.d4 Nf6 2.c4 e6 3.Nc3 Bb4 4.e3 b6 5.Ne2 Ba6 6.a3 Be7 7.Nf4 d5 8.cxd5 Bxf1
9.Kxf1 exd5 10.g4 O-O 11.g5 Ne8 12.Nfxd5 Bxg5 13.e4 c6 14.Bxg5 Qxg5 15.Ne3 Nd7
16.Rg1 Qf4 17.Qg4 Qxg4 18.Rxg4 c5 19.d5 Nd6 20.Re1 Rae8 21.Nf5 Nxf5 22.exf5 Rxe1+
23.Kxe1 Nf6 24.Rg3 Rd8 25.Rd3 Kf8 26.b4 Ke7 27.bxc5 bxc5 28.f3 Rb8 29.Ne4 Nxe4
30.fxe4 Kd6 31.Kf2 c4 32.Rc3 Kc5 33.d6 f6 34.Rg3 Rb2+ 35.Ke1 Kxd6 36.Rxg7 Ke5
37.Rxh7 Kxe4 38.Kd1 Kxf5 39.Rxa7 Ke4 40.h4 c3 41.Kc1 Rh2 42.Re7+ Kd3 43.Rd7+ Kc4
44.Rh7 Kb3 45.Rb7+ Kxa3 46.Rf7 Kb3 47.Rb7+ Kc4 48.Rf7 Kd3 49.Rd7+ Ke4 50.Rh7 f5
51.h5 f4 52.h6 Kf3 53.Rh8 Ra2 54.h7 Ra7 55.Kc2 Rc7 56.Kc1 c2 57.Rg8 Rxh7
58.Kxc2 Rd7 59.Rg6 Kf2  0-1

[Event "World Blitz Women 2024"]
[Site "New York USA"]
[Date "2024.12.30"]
[Round "10.31"]
[White "Balajayeva,Khanim"]
[Black "Krush,I"]
[Result "1/2-1/2"]
[WhiteElo "2362"]
[BlackElo "2378"]

1.e4 c5 2.Nf3 d6 3.Bb5+ Nd7 4.a4 Nf6 5.Nc3 a6 6.Be2 b6 7.d4 cxd4 8.Qxd4 Bb7
9.O-O e6 10.Bg5 Be7 11.Nd2 O-O 12.Rad1 d5 13.exd5 Nxd5 14.Bxe7 Nxc3 15.bxc3 Qxe7
16.Nc4 Rfd8 17.Nxb6 Qg5 18.f3 Nf8 19.Qf2 Rab8 20.Nc4 Ng6 21.Nd6 Nf4 22.Kh1 Bd5
23.Ne4 Qe5 24.Bd3 a5 25.Qg3 h6 26.Rfe1 Nxd3 27.cxd3 Qxg3 28.hxg3 Bb3 29.Rd2 Bxa4
30.Ra1 Bb5 31.c4 f5 32.cxb5 fxe4 33.fxe4 Rxb5 34.Ra3 e5 35.Rda2 Ra8 36.Kg1 Kf7
37.Kf2 Kf6 38.Ke3 Kg5 39.Rf2 g6 40.Ra4 Rb3 41.Rd2 Rb4 42.Rxb4 axb4 43.Rb2 Rb8
44.d4 exd4+ 45.Kxd4 b3 46.e5 Kg4 47.e6 Kf5 48.e7 Kf6 49.Rxb3 Re8 50.Rb6+ Kf7
51.Rb7  1/2-1/2

[Event "World Blitz Women 2024"]
[Site "New York USA"]
[Date "2024.12.30"]
[Round "11.34"]
[White "Krush,I"]
[Black "Kairbekova,Amina"]
[Result "1-0"]
[WhiteElo "2378"]
[BlackElo "2309"]

1.d4 Nf6 2.c4 g6 3.Nc3 Bg7 4.e4 d6 5.h3 O-O 6.Be3 a5 7.Nf3 e5 8.d5 Nbd7 9.g4 Nc5
10.Nd2 c6 11.Be2 a4 12.h4 cxd5 13.cxd5 Bd7 14.h5 Ne8 15.g5 f5 16.h6 Bh8 17.Rg1 Nxe4
18.Ndxe4 fxe4 19.Nxe4 b5 20.f3 Rf4 21.Bxf4 exf4 22.Qd2 Be5 23.Rc1 Qb6 24.Kf1 Bh3+
25.Rg2 a3 26.b3 Bxg2+ 27.Kxg2 b4 28.Rc6 Qb8 29.Qc2 Qd8 30.Qc4 Rb8 31.Kh2 Qd7
32.Bf1 Qf5 33.Bh3 Qf7 34.Be6  1-0

[Event "Titled Tue 7th Jan Early"]
[Site "chess.com INT"]
[Date "2025.01.07"]
[Round "1"]
[White "Krush,I"]
[Black "Attieh,Skye"]
[Result "1-0"]
[WhiteElo "2378"]
[BlackElo "1769"]

1.d4 Nf6 2.c4 g6 3.Nc3 d5 4.cxd5 Nxd5 5.e4 Nxc3 6.bxc3 Bg7 7.Bb5+ c6 8.Ba4 O-O
9.Ne2 c5 10.O-O Bd7 11.Rb1 Bxa4 12.Qxa4 cxd4 13.cxd4 b6 14.Bf4 Nd7 15.Rfd1 a5
16.Nc3 Nf6 17.f3 Rc8 18.Nb5 Nd7 19.Na7 Ra8 20.Nc6 Qe8 21.Qb5 Nf6 22.d5 Qd7
23.Qxb6 Rfc8 24.Qb7 Qe8 25.Nxe7+  1-0

[Event "Titled Tue 7th Jan Early"]
[Site "chess.com INT"]
[Date "2025.01.07"]
[Round "2"]
[White "Ahmad,Khagan"]
[Black "Krush,I"]
[Result "1-0"]
[WhiteElo "2406"]
[BlackElo "2378"]

1.Nf3 g6 2.c4 Bg7 3.Nc3 c5 4.e3 Nf6 5.d4 cxd4 6.exd4 d5 7.Bg5 Nc6 8.Bxf6 Bxf6
9.cxd5 Nb8 10.Bb5+ Nd7 11.O-O O-O 12.Ne4 Bg7 13.d6 Nb6 14.dxe7 Qxe7 15.Re1 a6
16.Bf1 Rd8 17.Qb3 Qe6 18.d5 Nxd5 19.Rad1 Bd7 20.Qxd5 Qxd5 21.Rxd5 Bc6 22.Rxd8+ Rxd8
23.Nc3 h6 24.Ne5 Re8 25.f4 g5 26.Bc4  1-0

[Event "Titled Tue 7th Jan Early"]
[Site "chess.com INT"]
[Date "2025.01.07"]
[Round "3"]
[White "Krush,I"]
[Black "Khegay,Yuliya"]
[Result "1-0"]
[WhiteElo "2378"]
[BlackElo "1879"]

1.d4 e6 2.c4 b6 3.e4 Bb4+ 4.Bd2 Bxd2+ 5.Qxd2 d5 6.cxd5 exd5 7.e5 Ne7 8.Nc3 O-O
9.Bd3 c5 10.Nge2 Nbc6 11.f4 Bf5 12.Bxf5 Nxf5 13.dxc5 d4 14.Ne4 bxc5 15.Nxc5 Ne3
16.Kf2 Qh4+ 17.g3 Qh3 18.Rag1 Rac8 19.Ne4 Ng4+ 20.Ke1 d3 21.N2c3 Nd4 22.Qxd3 Rfd8
23.Nd6 Ne6 24.Qf3 Nd4 25.Qg2 Qh5 26.Rf1 Ne3 27.Qe4 Rxc3 28.Qxd4 Ng2+ 29.Kd2 Rc6
30.Rc1 Rcxd6 31.exd6 Qf3 32.Rhf1 Qb7 33.Rf2 h5 34.Re2 h4 35.Rc7 Qb5 36.Qc4 Qa5+
37.Qc3 Rxd6+ 38.Kc2 Qxc3+ 39.Kxc3 h3 40.Rc8+ Kh7 41.Rc7 Rd1 42.Rxa7 Rh1 43.Rxf7 Rxh2
44.Ree7 Kg6 45.Rxg7+ Kf5 46.Rh7 Kg4 47.Re5 Kxg3 48.f5 Kf4 49.f6  1-0

[Event "Titled Tue 7th Jan Early"]
[Site "chess.com INT"]
[Date "2025.01.07"]
[Round "4"]
[White "Jakubowski,K"]
[Black "Krush,I"]
[Result "1-0"]
[WhiteElo "2442"]
[BlackElo "2378"]

1.e4 c5 2.Nf3 d6 3.d4 cxd4 4.Nxd4 Nf6 5.Nc3 Nc6 6.Bg5 e6 7.Qd2 a6 8.O-O-O Bd7
9.f3 Nxd4 10.Qxd4 Be7 11.h4 Qc7 12.Kb1 O-O 13.Qd2 Bc6 14.Ne2 Bb5 15.Nd4 Bxf1
16.Rhxf1 Rac8 17.g4 Rfe8 18.Rf2 d5 19.e5 Nd7 20.Bxe7 Rxe7 21.f4 Nc5 22.Qe3 Ne4
23.Rg2 Qb6 24.Ka1 Rec7 25.g5 Rc4 26.h5 g6 27.hxg6 fxg6 28.Rh2 R8c7 29.a3 a5
30.Qh3 a4 31.Qxe6+ Qxe6 32.Nxe6 Rxc2 33.Rxc2 Rxc2 34.Rxd5 Nd2 35.Nd4 Nb3+
36.Nxb3 axb3 37.Kb1 Rf2 38.Kc1 Rxf4 39.Rb5 Rf5 40.Rxb3 Rxe5 41.Rxb7 Rxg5
42.b4 h5 43.Kd2 h4 44.Re7 h3 45.Re1 h2 46.Rh1 Rg2+ 47.Kc3 g5 48.b5 g4 49.b6 g3
50.b7 Rg1 51.b8=Q+ Kg7 52.Qb7+ Kg6 53.Qf3 Rxh1 54.Qxh1 Kg5 55.Qg2 Kg4 56.a4  1-0

[Event "Titled Tue 7th Jan Early"]
[Site "chess.com INT"]
[Date "2025.01.07"]
[Round "5"]
[White "Krush,I"]
[Black "Veloso,Henrique Barbosa"]
[Result "1-0"]
[WhiteElo "2378"]
[BlackElo "2221"]

1.d4 Nf6 2.c4 e6 3.Nc3 Bb4 4.a3 Bxc3+ 5.bxc3 O-O 6.f3 b6 7.e4 d6 8.Bg5 h6
9.Bh4 Nc6 10.Bd3 e5 11.Ne2 Qe7 12.O-O Ba6 13.f4 exf4 14.Nxf4 g5 15.Nd5 Nxd5
16.cxd5 Bxd3 17.Qxd3 gxh4 18.dxc6 Kh8 19.Rf4 Rg8 20.Qh3 Rg6 21.Rxh4 Kh7 22.Rf1 Rag8
23.Rf2 R8g7 24.Rhf4 d5 25.e5 Qxa3 26.Rxf7 Qc1+ 27.Rf1 Qd2 28.Rxg7+ Rxg7 29.Qf5+ Kh8
30.Qf3 Qa2 31.h3 a5 32.e6 a4 33.e7 Rxe7 34.Qf8+ Kh7 35.Qxe7+ Kg6 36.Qf7+ Kg5
37.Rf5+ Kh4 38.Qh5+ Kg3 39.Qg4+  1-0

[Event "Titled Tue 7th Jan Early"]
[Site "chess.com INT"]
[Date "2025.01.07"]
[Round "6"]
[White "Haussernot,C"]
[Black "Krush,I"]
[Result "1-0"]
[WhiteElo "2108"]
[BlackElo "2378"]

1.e4 c6 2.d4 d5 3.f3 Nf6 4.e5 Nfd7 5.f4 e6 6.Nf3 c5 7.c3 Nc6 8.Be2 a5 9.O-O Be7
10.Na3 O-O 11.Nc2 a4 12.Kh1 b6 13.Ne3 f5 14.g4 fxg4 15.Nxg4 Ba6 16.Rg1 Bxe2
17.Qxe2 cxd4 18.Qg2 g6 19.cxd4 Rc8 20.Qh3 Rf5 21.Nh6+ Kg7 22.Nxf5+ exf5 23.Qxf5 Nf8
24.Qh3 Nb4 25.f5 Nc2 26.f6+ Bxf6 27.exf6+ Qxf6 28.Bg5 Qf7 29.Raf1  1-0

[Event "Titled Tue 7th Jan Early"]
[Site "chess.com INT"]
[Date "2025.01.07"]
[Round "7"]
[White "Krush,I"]
[Black "Lukachewski Junior,Wanderlei"]
[Result "1-0"]
[WhiteElo "2378"]
[BlackElo "2049"]

1.d4 Nf6 2.c4 g6 3.Nc3 d5 4.cxd5 Nxd5 5.e4 Nxc3 6.bxc3 Bg7 7.Qa4+ Nd7 8.Nf3 O-O
9.Be2 b6 10.O-O Bb7 11.Qc2 Rc8 12.Bf4 Nf6 13.Bd3 c5 14.Qe2 cxd4 15.cxd4 Rc3
16.d5 Nh5 17.Bd2 Ra3 18.Rac1 Rxa2 19.Bc4 Rb2 20.Qd3 Qd7 21.Bc3 Bxc3 22.Qxc3 Rb5
23.Ne5 Qe8 24.Bxb5 Qxb5 25.g3 Nf6 26.f3 Rc8 27.Qa3 Rxc1 28.Rxc1 Qe2 29.Qxe7 Qe3+
30.Kg2 Qxc1 31.Qxf7+ Kh8 32.Qf8+  1-0

[Event "Titled Tue 7th Jan Early"]
[Site "chess.com INT"]
[Date "2025.01.07"]
[Round "8"]
[White "Krush,I"]
[Black "Martinez Ramirez,L"]
[Result "1-0"]
[WhiteElo "2378"]
[BlackElo "2427"]

1.d4 Nf6 2.c4 e6 3.Nc3 Bb4 4.a3 Bxc3+ 5.bxc3 O-O 6.f3 Nh5 7.Nh3 f5 8.Nf2 Nc6
9.e4 b6 10.Bd3 Ba6 11.O-O Na5 12.Qe2 c5 13.Rb1 Rc8 14.d5 fxe4 15.Nxe4 exd5
16.cxd5 Bxd3 17.Qxd3 c4 18.Qe2 Qe7 19.Bg5 Qe5 20.Rbd1 Rce8 21.Qf2 Nb3 22.Qh4 Nf4
23.Bxf4 Rxf4 24.Qg3 Rf5 25.Nd6 Qxg3 26.hxg3 Ree5 27.Nxf5 Rxf5 28.Rfe1 Nc5
29.Re7 Rf7 30.Rde1 d6 31.Re8+ Rf8 32.R1e7 a5 33.Rxf8+ Kxf8 34.Ra7 Na4 35.Rb7 h5
36.Kf2 Nxc3 37.Rxb6 Ke7 38.Rc6 Nxd5 39.Rxc4 Nf6 40.Ra4  1-0